| 000 | 00480nam a2200181Ia 4500 | ||
|---|---|---|---|
| 005 | 20250317123319.0 | ||
| 008 | 008 250317s9999 xx 000 0 eng d | ||
| 037 | _aTextbook | ||
| 040 |
_aFMSL _beng _cFMSL |
||
| 041 |
_aeng _2eng |
||
| 084 |
_aB2893 K6 _qFMSL |
||
| 100 |
_aAthans M _9735717 |
||
| 245 | 0 | _aOptimal control | |
| 260 |
_aLondon _bLondon, McGraw-Hill _c1966 |
||
| 300 | _a879p | ||
| 942 |
_cTB _hB2893 K6 |
||
| 999 |
_c1250769 _d1250769 |
||